000 00612nam a2200253Ia 4500
003 OSt
005 20220918221250.0
006 a|||||r|||| 00| 0
007 ta
008 220917b |||||||| |||| 00| 0 eng d
024 _a149,082
037 _cTextual
040 _aARTS
_cARTS
_beng
041 _2eng
_aeng
082 _aT:8, L7
110 _aUNESCO
245 0 _aEducational reforms
_b experiences and prospects
260 _aParis
_bUnesco
_c1979
300 _a232p.
_ccm.
650 _aEDUCATION
700 _aUNESCO
942 _hT:8, L7
_cTEXL
_2CC
999 _c271756
_d271756